01151nam a2200277 i 4500003000900000005001700009007000300026008004100029040003000070082001200100100004800112245016100160264005100321300002700372336002700399337003400426338002800460500006400488590002700552700005400579700004600633910001400679942001400693952014900707999001700856DO-SdBNP20231114140354.0ta110413s2000 dr 000 j spa d aDO-SdBNPbspacBNPHUerda bE772221 aEsquivel, José Antonio 911765d1941-201513aLa buena nueva :breflexiones dominicanas, ciclo ¨C¨ /cJosé Antonio Esquivel ; prólogo Benjamín González Buelta ; recopilación Martha de Cabral 1aSanto Domingo :bEdiciones Dominicanas,c2000. a232 páginas c22 cm. 2rdacontentatextobtxt 2rdamediaasin mediación bn 2rdacarrieravolumenbnc aIncluye datos biográficos del autor en la contraportada.  aInventariado, 2023/ YL1 aGonzález Buelta, Benjamín eprólogo9204911 aCabral, Martha deerecopilación 984637 aYLockward 2ddccLBS1 00102ddc51708PDaBNPHUbBNPHUcCTd2021-12-16eColegio Nuestra Señora de Lourdesl0oBNPHU PD E77p2023-7807r2023-11-14w2023-11-14yLBS1 c55491d55491